000 00440nam a2200157 i 4500
001 80569
003 ES-MaACL
005 20230906174238.0
007 t|
008 041028s1920 ag ||||1| spa d
100 1 _aHoessl, Fanny.
_963929
245 1 0 _aPrisionera en Francia durante cien días /
_cFanny Hoessl.
260 _aBuenos Aires :
_bEmpresa Editorial Gemania,
_c1920.
300 _a56 p. ;
_c19 cm.
852 _aES-MaACL
_j1526-F-2
999 _c80569
_d80569